Záležitosť ev. cirkve v Horvatsku

Bibliographic Details
Format: Article
Language:Slovak

MARC

LEADER 00000nab a2200000uu 4500
001 vtls011531517
003 SK-MaSNL
005 20260225175927.0
008 221107|1898 xo |||||||||||||||||slo|
015 |a SNBRB 
035 |a (urnnbn)urn:nbn:sk:snk:ar-a09183 
035 |a (uuid)b5b65b6a-9536-455a-8ede-50bb8159ce60 
035 |a urn:nbn:sk:snk-abehfa 
040 |a SNKBUCL  |b slo  |c SNKBUCL  |e AACR2 
041 0 |a slo 
044 |a xo  |c SK 
245 0 0 |a Záležitosť ev. cirkve v Horvatsku 
773 0 |t Cirkevné listy : časopis venovaný záujmom cirkve evanjelickej a. v.  |g Roč. 12, č. 4 (1898), s. 53-54 
958 |a ONDV 
958 |a article21 
999 |c 1835513  |d 1837443